00502nam a22001817a 450000500170000000800410001702000180005804000210007604100080009708200180010510000230012324500350014625000120018126000440019330000100023765000270024765000460027420260515114943.0230601b ||||| |||| 00| 0 eng d a9788192838229 aIN-DiNCcIN-DiNC dasm a891.4513bDAS aDas, Dalimeauthor aHari Jadu Madhu/cby Dalim Das a2nd ed. aMirja:bRoudra kamona prakashan,c2017. a152p. aAssamese short stories aMuneen Barkataky award winning story book